TOP 15 Les films de Will Smith - Statistiques

Statistiques générales
  • Ce quiz a été pris 106 fois
  • Le résultat moyen est 6 sur 15
Statistiques - réponses
Top Année Réalisateur Réponse % Correct
1 1997 Barry Sonnenfeld Men In Black
84%
2 2007 Francis Lawrence Je suis une légende
64%
6 1995 Michael Bay Bad Boys
56%
9 2002 Barry Sonnenfeld Men In Black 2
53%
10 2012 Barry Sonnenfeld Men In Black 3
51%
5 2006 Gabriele Muccino A la recherche du bonheur
43%
14 2003 Michael Bay Bad Boys 2
36%
3 2004 Alex Proyas I.Robot
33%
8 2008 Gabriele Muccino Sept vies
29%
7 2008 Peter Berg Hancock
25%
4 1996 Roland Emmerich Independence Day
23%
12 2001 Michael Mann Ali
20%
15 1999 Barry Sonnenfeld Wild Wild West
18%
13 2005 Andy Tennant Hitch, expert en séduction
14%
11 1998 Tony Scott Ennemi d'Etat
5%
Aucun quiz correspondant
Distribution des résultats
% des personnes avec chaque résultat
Percentile par nombre de réponses
Votre historique - résultats
Vous n’avez pas pris ce quiz